000 00820nam a2200265 i 4500
003 DO-SdBNP
005 20260421090504.0
007 ta
008 260421b2010 dr ||||| |||| 00| 0 spa d
020 _a9788461374311
040 _aDO-SdBNP
_bspa
_cBNPHU
_erda
041 _aspa
082 4 _axxx
_bxxx
_222
100 _aGarcía Bidó, Rafael
_eautor
_4aut.
_918198
245 1 0 _aHuellas de unicornio /
_cRafael García Bidó ; prólogo, Frutos Soriano
264 4 _aSanto Domingo :
_bEdiciones Que Vayan Ellos,
_c©2010.
300 _a111 páginas ;
_c21 cm.
336 _atexto
_btxt
_2rdacontent
337 _asin mediación
_bn
_2rdamedia
338 _avolumen
_bnc
_2rdacarrier
590 _aInventariado, 2026/BT
700 _aSoriano, Frutos,
_eprologuista
_4pr.
_989375
910 _aBtavárez
942 _2ddc
_cLBS1
999 _c60592
_d60592